<?xml version="1.0" encoding="UTF-8"?>
<record
    xmlns:xsi="http://www.w3.org/2001/XMLSchema-instance"
    xsi:schemaLocation="http://www.loc.gov/MARC21/slim http://www.loc.gov/standards/marcxml/schema/MARC21slim.xsd"
    xmlns="http://www.loc.gov/MARC21/slim">

  <leader>00517    a2200121   4500</leader>
  <datafield tag="082" ind1=" " ind2=" ">
    <subfield code="a">709.986</subfield>
    <subfield code="b">G984c</subfield>
  </datafield>
  <datafield tag="100" ind1=" " ind2=" ">
    <subfield code="a">Gutierrez, Natalia</subfield>
    <subfield code="9">1109</subfield>
  </datafield>
  <datafield tag="245" ind1=" " ind2=" ">
    <subfield code="a">Ensayo historico, teorico o critico El arte colombiano de fin de milenio</subfield>
    <subfield code="b">Cruces Una reflexion sobre la critica de arte y la obra de Jose Alejandro Restrepo </subfield>
  </datafield>
  <datafield tag="260" ind1=" " ind2=" ">
    <subfield code="a">Bogota</subfield>
    <subfield code="b">Panamericana Formas e Impresos</subfield>
    <subfield code="c">2000</subfield>
  </datafield>
  <datafield tag="300" ind1=" " ind2=" ">
    <subfield code="a">132 p</subfield>
    <subfield code="b">ill (col)</subfield>
    <subfield code="c">24 cm</subfield>
  </datafield>
  <datafield tag="650" ind1=" " ind2=" ">
    <subfield code="a">ensayo</subfield>
    <subfield code="x">arte moderno</subfield>
    <subfield code="x">Restrepo, Jose Alejandro</subfield>
    <subfield code="z">Colombia</subfield>
    <subfield code="9">1110</subfield>
  </datafield>
  <datafield tag="700" ind1=" " ind2=" ">
    <subfield code="a">Natalia Gutierrez</subfield>
    <subfield code="9">1111</subfield>
  </datafield>
  <datafield tag="999" ind1=" " ind2=" ">
    <subfield code="c">238</subfield>
    <subfield code="d">238</subfield>
  </datafield>
  <datafield tag="952" ind1=" " ind2=" ">
    <subfield code="0">0</subfield>
    <subfield code="1">0</subfield>
    <subfield code="2">ddc</subfield>
    <subfield code="4">0</subfield>
    <subfield code="7">0</subfield>
    <subfield code="a">LV</subfield>
    <subfield code="b">LV</subfield>
    <subfield code="c">Pensamiento</subfield>
    <subfield code="d">2014-06-16</subfield>
    <subfield code="l">0</subfield>
    <subfield code="o">709.986 G984c</subfield>
    <subfield code="p">000240</subfield>
    <subfield code="r">2014-06-16 00:00:00</subfield>
    <subfield code="w">2014-06-16</subfield>
    <subfield code="y">01</subfield>
  </datafield>
</record>
